000 00685nam a2200289Ia 4500
005 20260324122006.0
008 008 260324s9999 xx 000 0 eng d
020 _a9780203522172
037 _aEBOOK
040 _aCRL
040 _beng
040 _cCRL
041 _2eng
041 _aeng
084 _qCRL
100 _aPATRICK BARRON; Manuela Mariani
_91164686
245 0 _aTerrain Vague
245 0 _bInterstices at the Edge of the Pale
260 _bTaylor and Francis
260 _c2013
365 _a
365 _b290
856 _uhttp://www.taylorfrancis.com/books/9780203522172
942 _cEBOOK
999 _c1757111
_d1757111